Be a successful green builder (Record no. 112565)

MARC details
000 -LEADER
fixed length control field 00699nam a2200229Ia 4500
008 - FIXED-LENGTH DATA ELEMENTS--GENERAL INFORMATION
fixed length control field 191130s2009##################000#0#eng##
020 ## - INTERNATIONAL STANDARD BOOK NUMBER
ISBN 9780071592611
082 ## - DEWEY DECIMAL CLASSIFICATION NUMBER
Classification number 720 WOO
100 ## - MAIN ENTRY--AUTHOR NAME
Personal name Woodson, R. Dodge
245 ## - TITLE STATEMENT
Title Be a successful green builder
Statement of responsibility, etc R. Dodge Woodson
260 ## - PUBLICATION, DISTRIBUTION, ETC. (IMPRINT)
Place of publication New York
Name of publisher McGraw-Hill
Year of publication c2009
300 ## - PHYSICAL DESCRIPTION
Number of Pages xix, 363 p. : ill. ; 24 cm.
500 ## - GENERAL NOTE
General note Includes index
650 ## - SUBJECT ADDED ENTRY--TOPICAL TERM
Topical Term Construction industry - Management
Topical Term Ecological houses - Design and construction
Topical Term House construction - Environmental aspects
991 ## -
-- 307943
Holdings
Withdrawn status Lost status Damaged status Not for loan Home library Current library Shelving location Date acquired Full call number Accession Number Price effective from Koha item type
        Anna Centenary Library Anna Centenary Library 6TH FLOOR, B WING 12.10.2020 720 WOO 256160 12.10.2020 English Books

Find us on the map